000 00697nam a22002535a 4500
999 _c1627
_d1627
001 16126302
003 GZU
005 20201021085158.0
008 100309s2011 cau 000 0 eng
010 _a 2010924373
020 _a9781446282090
040 _aDLC
_cDLC
042 _apcc
050 _aHD 2321
_b.DIC 2011
100 1 _aDicken, Peter.
245 1 0 _aGlobal shift :
_bmapping the changing contours of the world economy /
_cPeter Dicken.
250 _a7th ed.
260 _aThousand Oaks, CA :
_bSage,
_c2011.
263 _a1111
300 _ap. cm.
906 _a0
_bibc
_corignew
_d2
_eepcn
_f20
_gy-gencatlg
942 _2lcc
_cBK
_e7th ed.
_h2321
_iDIC
_kHD